National Assembly Library of Thailand

เซมิคอนดักเตอร์อิเล็กทรอนิกส์ พลัส (ระเบียนเลขที่ 93780)

รายละเอียดในรูปแบบ MARC
000 -LEADER
fixed length control field 00693nas a22002057a 4500
003 - CONTROL NUMBER IDENTIFIER
control field NALT
005 - DATE AND TIME OF LATEST TRANSACTION
control field 20210816140633.0
008 - FIXED-LENGTH DATA ELEMENTS--GENERAL INFORMATION
fixed length control field 170913b th |||p| |||| 00| 0 tha d
022 ## - INTERNATIONAL STANDARD SERIAL NUMBER
International Standard Serial Number 19060475
040 ## - CATALOGING SOURCE
Original cataloging agency NALT
041 ## - LANGUAGE CODE
Language code of text/sound track or separate title tha
245 ## - TITLE STATEMENT
Title เซมิคอนดักเตอร์อิเล็กทรอนิกส์ พลัส
310 ## - CURRENT PUBLICATION FREQUENCY
Current publication frequency รายเดือน
321 ## - FORMER PUBLICATION FREQUENCY
Former publication frequency บริษัท ซีเอ็ดยูเคชั่น จำกัด (มหาชน)
500 ## - GENERAL NOTE
General note ยุติการบอกรับเป็นสมาชิก
850 ## - HOLDING INSTITUTION
Holding institution NALT
942 ## - ADDED ENTRY ELEMENTS (KOHA)
Koha item type Journal/Magazine
Serial record 1
998 ## - STAFF NAME (NALT)
-- 755
-- จินตนา เอี่ยมคง

ไม่มีตัวเล่มให้บริการ

หอสมุดรัฐสภา
สำนักงานเลขาธิการสภาผู้แทนราษฎร เลขที่ 1111 ถนนสามเสน แขวงถนนนครไชยศรี เขตดุสิต กรุงเทพฯ 10300
The Secretariat of the House of Representatives 1111 Samsen Road, Thanon Nakhon Chai Si, Dusit, Bangkok 10300, THAILAND
โทรศัพท์: +66(0) 2242 5900 ต่อ 5714-5 โทรสาร: +66(0) 2242 5990 อีเมล: [email protected]